000 00688nam a2200229 a 4500
003 AR-BaBNM
005 20251128203623.0
008 082120s2002 ||||||||||||||000 | spa||
040 _cAR-BaBNM
100 1 _aRufino, Leopoldo M.
245 0 0 _aLos bienes eternos
_bdiccionario de máximas y pensamientos selectos de los más destacados filósofos, santos y escritores de todos los tiempos
260 _aBuenos Aires
_bGuillermo Kraft
_c1945
300 _a548 p.
500 _aContiene índice de autores e índice de materias
650 4 _aDICCIONARIOS
650 4 _aMAXIMAS
650 4 _aPROVERBIOS
650 4 _aCITAS
655 _aREFERENCIA
942 _cBK
998 _claura
999 _c4179
_d4179